Comparison of different animal manure fertilizers and biocin f on chinese chives at kosh anlong chen district kandal province, ប្រៀបធៀបប្រភេទជីលាមកផ្សេងៗគ្នា និងជីBIOCIN F ដំណាំគូឆាយស្លឹកនៅកោះអន្លុងចិន ខេត្តកណ្តាល (Record no. 1319)
[ view plain ]
| 000 -LEADER | |
|---|---|
| fixed length control field | 00732nam a22001577a 4500 |
| 003 - CONTROL NUMBER IDENTIFIER | |
| control field | OSt |
| 005 - DATE AND TIME OF LATEST TRANSACTION | |
| control field | 20150927100245.0 |
| 008 - FIXED-LENGTH DATA ELEMENTS--GENERAL INFORMATION | |
| fixed length control field | 150927b xxu||||| |||| 00| 0 eng d |
| 040 ## - CATALOGING SOURCE | |
| Transcribing agency | RUA |
| 082 ## - DEWEY DECIMAL CLASSIFICATION NUMBER | |
| Classification number | AGR TOU 2013 B057 Or.1 |
| 100 ## - MAIN ENTRY--PERSONAL NAME | |
| 9 (RLIN) | 1404 |
| Personal name | TOUN, SEREY OUDOM. |
| 245 ## - TITLE STATEMENT | |
| Title | Comparison of different animal manure fertilizers and biocin f on chinese chives at kosh anlong chen district kandal province, ប្រៀបធៀបប្រភេទជីលាមកផ្សេងៗគ្នា និងជីBIOCIN F ដំណាំគូឆាយស្លឹកនៅកោះអន្លុងចិន ខេត្តកណ្តាល |
| 260 ## - PUBLICATION, DISTRIBUTION, ETC. (IMPRINT) | |
| Place of publication, distribution, etc. | Phnom Penh |
| Name of publisher, distributor, etc. | RUA |
| Date of publication, distribution, etc. | 2013 |
| 300 ## - PHYSICAL DESCRIPTION | |
| Extent | xi; 41p. |
| Other physical details | ill. |
| Dimensions | 29cm. |
| 942 ## - ADDED ENTRY ELEMENTS (KOHA) | |
| Source of classification or shelving scheme | |
| Koha item type | AGR |
| Price effective from | Date last seen | Permanent Location | Not for loan | Date acquired | Source of classification or shelving scheme | Koha item type | Lost status | Withdrawn status | Total Renewals | Date last checked out | Total Checkouts | Shelving location | Damaged status | Barcode | Current Location | Full call number |
|---|---|---|---|---|---|---|---|---|---|---|---|---|---|---|---|---|
| 2015-09-27 | 2020-10-20 | Library Block B | 2015-09-27 | AGR | 2020-10-09 | 1 | B057 | RUA006370 | Library Block B | AGR TOU 2013 B057 Or.1 | ||||||
| 2015-09-27 | 2016-09-14 | Library Block B | 2015-09-27 | AGR | 2 | 2016-07-22 | 1 | B057 | RUA005578 | Library Block B | AGR TOU 2013 B057 Or.2 | |||||
| 2015-09-27 | 2017-02-06 | Library Block B | 2015-09-27 | AGR | 2017-02-06 | 3 | B057 | RUA005505 | Library Block B | AGR TOU 2013 B057 Or.3 | ||||||
| 2015-09-27 | 2016-08-01 | Library Block B | 2015-09-27 | AGR | 2016-06-24 | 2 | B057 | RUA005839 | Library Block B | AGR TOU 2013 B057 Or.4 | ||||||
| 2015-09-27 | 2016-06-21 | Library Block B | 2015-09-27 | AGR | 2016-06-21 | 1 | B057 | RUA005693 | Library Block B | AGR TOU 2013 B057 Or.5 | ||||||
| 2015-09-27 | 2017-10-24 | Library Block B | 2015-09-27 | AGR | 2017-10-09 | 2 | B057 | RUA005626 | Library Block B | AGR TOU 2013 B057 Or.6 | ||||||
| 2015-09-27 | 2016-11-11 | Library Block B | 2015-09-27 | AGR | 1 | 2016-10-14 | 6 | B057 | RUA005408 | Library Block B | AGR TOU 2013 B057 Or.7 | |||||
| 2015-09-27 | 2015-09-27 | Library Block B | 2015-09-27 | AGR | B057 | RUA005840 | Library Block B | AGR TOU 2013 B057 Or.8 | ||||||||
| 2019-01-21 | 2023-12-19 | Library Block B | 2019-01-21 | AGR | 2023-12-01 | 1 | B1.210 | A40952 | Library Block B | AGR TOU 2013 B1.210 Or.1 |